| 000 | 00680nam a2200205Ii 4500 | ||
|---|---|---|---|
| 003 | JO-AjNU | ||
| 008 | 230605s9999||||xx |||||||||||||| ||und|| | ||
| 017 | _a2003/7/1298 | ||
| 040 |
_aJO-AjNU _bara _erda _cJO-AjNU |
||
| 041 | _aara | ||
| 050 | 1 | 4 | _aSB107.H143 2003 |
| 100 | 3 |
_aالحجاج ، عادل محمد علي , _eauthor _916370 |
|
| 245 | 0 | 0 | _aنباتات الصناعة قديما وحديثا |
| 264 | 3 | 1 | _aعمان:دار الاصدقاء للنشر ، 2003 |
| 300 | _a133ص | ||
| 336 |
_atext _btxt _2rdacontent |
||
| 337 |
_aunmediated _bn _2rdamedia |
||
| 338 |
_avolume _bnc _2rdacarrier |
||
| 650 | 4 |
_aالنباتات الصناعية -المحاصيل _916371 |
|
| 999 |
_aA4835 _c8403 _d8403 |
||